Napoleón III y México (Record no. 1281)

MARC details
000 -CABECERA
campo de control de longitud fija 01081nam a2200277 a 4500
001 - NÚMERO DE CONTROL
campo de control BRCA_1419
005 - FECHA Y HORA DE LA ÚLTIMA TRANSACCIÓN
campo de control 20190320203422.0
008 - DATOS DE LONGITUD FIJA--INFORMACIÓN GENERAL
campo de control de longitud fija 990517s1973 mx-a---###---#001-0#spa-d
041 ## - CÓDIGO DE LENGUA
Código de lengua del texto/banda sonora o título independiente spa
050 #4 - SIGNATURA TOPOGRÁFICA DE LA BIBLIOTECA DEL CONGRESO
Número de clasificación F1233
Número de documento/Ítem .H36 1973
100 1# - ENTRADA PRINCIPAL--NOMBRE DE PERSONA
Nombre de persona Hanna, Alfred Jackson
Fechas asociadas al nombre 1893-
9 (RLIN) 4634
245 10 - MENCIÓN DE TÍTULO
Título Napoleón III y México
Mención de responsabilidad, etc. Alfred Jackson Hanna y Kathryn Abbey Hanna ; traducción de Ernestina de Champourcin.
260 ## - PUBLICACIÓN, DISTRIBUCIÓN, ETC.
Lugar de publicación, distribución, etc. México
Nombre del editor, distribuidor, etc. FCE
Fecha de publicación, distribución, etc. 1973
300 ## - DESCRIPCIÓN FÍSICA
Extensión 290 p.
Otras características físicas il., mapas
Dimensiones 23 cm.
440 #0 - MENCIÓN DE SERIE/PUNTO DE ACCESO ADICIONAL--TÍTULO
Título Sección de obras de historia
9 (RLIN) 4635
500 ## - NOTA GENERAL
Nota general Incluye índice de nombres
500 ## - NOTA GENERAL
Nota general Traducción de: Napoleon III and Mexico.
504 ## - NOTA DE BIBLIOGRAFÍA, ETC.
Nota de bibliografía, etc. Bibliografía: p. 261-280
650 14 - PUNTO DE ACCESO ADICIONAL DE MATERIA--TÉRMINO DE MATERIA
Término de materia o nombre geográfico como elemento de entrada México
Subdivisión general Relaciones exteriores
Subdivisión cronológica 1861-1867
9 (RLIN) 4636
650 14 - PUNTO DE ACCESO ADICIONAL DE MATERIA--TÉRMINO DE MATERIA
Término de materia o nombre geográfico como elemento de entrada Estados Unidos
Subdivisión general Relaciones exteriores
Subdivisión cronológica 1861-1865
9 (RLIN) 4637
651 #4 - PUNTO DE ACCESO ADICIONAL DE MATERIA--NOMBRE GEOGRÁFICO
Nombre geográfico México
Subdivisión general Historia
Subdivisión cronológica Intervención europea, 1861-1867
9 (RLIN) 758
651 #4 - PUNTO DE ACCESO ADICIONAL DE MATERIA--NOMBRE GEOGRÁFICO
Nombre geográfico México
Subdivisión general Historia
Subdivisión cronológica Intervención y segundo imperio, 1861-1867
9 (RLIN) 4638
700 1# - PUNTO DE ACCESO ADICIONAL--NOMBRE DE PERSONA
Nombre de persona Hanna, Kathryn Trimmer Abbey
Fechas asociadas al nombre 1895-
9 (RLIN) 4639
700 1# - PUNTO DE ACCESO ADICIONAL--NOMBRE DE PERSONA
Nombre de persona Champourcin, Ernestina de
9 (RLIN) 4640
942 ## - ELEMENTOS DE PUNTO DE ACCESO ADICIONAL (KOHA)
Fuente del sistema de clasificación o colocación Library of Congress Classification
Tipo de ítem Koha Libros
Holdings
Estado de retiro Estado de pérdida Estado dañado No para préstamo Localización permanente Ubicación/localización actual Fecha de adquisición Total de préstamos Signatura topográfica completa Código de barras Fecha visto por última vez Precio válido a partir de Tipo de ítem Koha
El ejemplar forma parte de la colección y puede ser consultado según las políticas vigentes.       Biblioteca del Museo Franz Mayer (Rogerio Casas-Alatriste) Biblioteca del Museo Franz Mayer (Rogerio Casas-Alatriste) 26/06/2008   F1233 .H36 1973 01946 22/03/2019 22/03/2019 Libros